U.S. State Capitals Closest to a National Park - Statistics

General Stats
  • This quiz has been taken 72 times
  • The average score is 8 of 10
Answer Stats
Mi National Park Km Answer % Correct
43 Rocky Mountain 69 Denver
96%
38 Olympic 61 Olympia
96%
36 Glacier Bay 58 Juneau
93%
68 Yosemite 110 Carson City
89%
56 Rocky Mountain 91 Cheyenne
87%
44 Hot Springs 71 Little Rock
82%
59 Acadia 95 Augusta
78%
75 Mammoth Cave 121 Nashville
76%
30 New River Gorge 49 Charleston
60%
15 Congaree 24 Columbia
51%
No matching quizzes found
Score Distribution
Percent of People with Each Score
Percentile by Number Answered
Your Score History
You have not taken this quiz